Иван Капитонович Луппол, 1896-1943 (Запись № 9907609)

Подробности
000 -МАРКЕР
контрольное поле 01906nam0a2200421 i 4500
001 - ИДЕНТИФИКАТОР ЗАПИСИ
контрольное поле RU\NLR\BIBL_A\010741961
005 - ИДЕНТИФИКАТОР ВЕРСИИ
контрольное поле 20260407072425.0
010 ## - МЕЖДУНАРОДНЫЙ СТАНДАРТНЫЙ НОМЕР КНИГИ (ISBN)
Номер (ISBN) 9785020390393
021 ## - НОМЕР ГОСУДАРСТВЕННОЙ РЕГИСТРАЦИИ
Код страны Российская Федерация
Номер 2015-20335
Номер Листа государственной регистраци 1214
035 ## - ДРУГИЕ СИСТЕМНЫЕ НОМЕРА
Идентификатор записи (NILC)RuMoRGB-007892077
035 ## - ДРУГИЕ СИСТЕМНЫЕ НОМЕРА
Идентификатор записи (NLR Aleph) 010741961
100 ## - ДАННЫЕ ОБЩЕЙ ОБРАБОТКИ
Данные общей обработки 20150430d2015 u y0rusy50 ca
101 0# - ЯЗЫК РЕСУРСА
Язык текста, звукозаписи и т.д. русский
102 ## - СТРАНА ПУБЛИКАЦИИ ИЛИ ПРОИЗВОДСТВА
Страна публикации Российская Федерация
105 ## - ПОЛЕ КОДИРОВАННЫХ ДАННЫХ: ТЕКСТОВЫЕ МАТЕРИАЛЫ, МОНОГРАФИЧЕСКИЕ
Кодированные данные о монографическом текстовом документе c|||g||||00yy
200 1# - ЗАГЛАВИЕ И СВЕДЕНИЯ ОБ ОТВЕТСТВЕННОСТИ
Основное заглавие Иван Капитонович Луппол, 1896-1943
Первые сведения об ответственности Рос. акад. наук
Последующие сведения об ответственности сост.: С. Н. Корсаков, Л. А. Калашникова
-- авт. вступ. ст. С. Н. Корсаков
210 ## - ПУБЛИКАЦИЯ, РАСПРОСТРАНЕНИЕ И ДР.
Место издания, распространения и т.д. Москва
Имя издателя, распространителя и т. д. Наука
Дата издания, распространения и т.д. 2015
215 ## - ФИЗИЧЕСКАЯ ХАРАКТЕРИСТИКА
Специфическое обозначение материала и объем 148, [1] с., [1] л. портр.
Размеры 17
225 1# - СЕРИЯ
Основное заглавие серии Материалы к биобиблиографии ученых
Наименование части Философия
Обозначение тома вып. 14
320 ## - ПРИМЕЧАНИЯ О НАЛИЧИИ В ДОКУМЕНТЕ БИБЛИОГРАФИИ / УКАЗАТЕЛЯ
Текст примечания Лит. о жизни и тр. И.К. Луппала : с. 88-106
320 ## - ПРИМЕЧАНИЯ О НАЛИЧИИ В ДОКУМЕНТЕ БИБЛИОГРАФИИ / УКАЗАТЕЛЯ
Текст примечания Хронолог. указ. тр.: с. 107-134
320 ## - ПРИМЕЧАНИЯ О НАЛИЧИИ В ДОКУМЕНТЕ БИБЛИОГРАФИИ / УКАЗАТЕЛЯ
Текст примечания Указ. соавт.: с. 135
320 ## - ПРИМЕЧАНИЯ О НАЛИЧИИ В ДОКУМЕНТЕ БИБЛИОГРАФИИ / УКАЗАТЕЛЯ
Текст примечания Указ. пер. и продолж. изд.: с. 136-139
600 #1 - ИМЯ ЛИЦА КАК ПРЕДМЕТ
Начальный элемент ввода Луппол
Часть имени, кроме начального элемента ввода И. К.
Даты 1896 - 1943
Расширение инициалов личного имени Иван Капитонович
Системный номер авторитетной/нормативной записи 2235320
Идентификатор авторитетной/нормативной записи RU\NLR\AUTH\6601573501
686 2# - ИНДЕКСЫ ДРУГИХ КЛАССИФИКАЦИЙ
Индекс Ш4г(2)7дЛуппол
686 1# - ИНДЕКСЫ ДРУГИХ КЛАССИФИКАЦИЙ
Индекс Ю3(2)7
702 #1 - ИМЯ ЛИЦА - ВТОРИЧНАЯ ОТВЕТСТВЕННОСТЬ
Код отношения Прочие
Графика поля Кириллица
Материалы, к которым относится поле rus
Начальный элемент ввода Луппол
Часть имени, кроме начального элемента ввода И. К.
Дополнения к именам, кроме дат д-р филос. наук
Даты 1896-1943
Расширение инициалов личного имени Иван Капитонович
Системный номер авторитетной/нормативной записи 208112
Идентификатор авторитетной/нормативной записи RU\NLR\AUTH\770208165
702 #1 - ИМЯ ЛИЦА - ВТОРИЧНАЯ ОТВЕТСТВЕННОСТЬ
Начальный элемент ввода Корсаков
Часть имени, кроме начального элемента ввода С. Н.
Даты 1973-
Расширение инициалов личного имени Сергей Николаевич
Код отношения Составитель
712 02 - НАИМЕНОВАНИЕ ОРГАНИЗАЦИИ - ВТОРИЧНАЯ ОТВЕТСТВЕННОСТЬ
Код отношения Прочие
Начальный элемент ввода Российская академия наук
Идентификатор авторитетной/нормативной записи RU\NLR\AUTH\881057
Системный номер авторитетной/нормативной записи 272489
801 #0 - ИСТОЧНИК ЗАПИСИ
Страна Российская Федерация
Организация РГБ
Дата составления 20150319
Правила каталогизации RCR
801 #1 - ИСТОЧНИК ЗАПИСИ
Страна Российская Федерация
Организация РГБ
Дата составления 20150319
Источник данных rusmarc
942 ## - ДОПОЛНИТЕЛЬНЫЕ ЭЛЕМЕНТЫ ЗАПИСИ (АБИС)
Тип экземпляра АБИС Книга
980 ## - КОЛЛЕКЦИЯ
Название коллекции НБР

Нет доступных экземпляров.